000 00313nam a2200145 i 4500
001 bg
100 1 _aCOLLINS, V. H.
245 0 _aA second book of English idioms.
260 _aLondon,
_c1958.
040 _cBPK
041 _apol
080 _a802.3
942 _cKS
008 s pl f |000 0 pol
999 _c8769
_d8769
856 _uhttp://koha.tu.koszalin.pl/cgi-bin/koha/opac-detail.pl?biblionumber=8769
_yKatalog online BPK